000 00292nam a22001337a 4500
008 181025b xxu||||| |||| 00| 0 eng d
020 _a9780393602630
041 _aeng
080 _a370
100 _a47
101 _aEDU
245 _aThe Seagull Handbook
_cBullock.R
942 _2udc
_cBK
999 _c50912
_d50912